Movie Director Mis-Matches Quiz Stats

Quiz Updated Feb 23, 2015

Also try: 5-Star Directors
Challenge
Share
Tweet
Score 0/30 Timer 03:00
0 Plays Today
% Correct
A Clockwork Kubrick
97.3%
Pulp Tarantino
96.1%
Gran Eastwood
95.8%
Apocalypse Coppola
95.4%
Edward Burton
95.4%
Schindler's Spielberg
94.6%
Star Lucas
94.5%
Brokeback Lee
94.5%
Forrest Zemeckis
94.4%
Citizen Welles
94%
The Dark Nolan
93.7%
North by Hitchcock
93.4%
The Big Coen
93%
Blade Scott
92.8%
Annie Allen
91.8%
% Correct
Taxi Scorsese
91.3%
Malcolm Lee
90.9%
Fight Fincher
90.3%
Rosemary's Polanski
90.1%
The Grapes of Ford
89.6%
King Jackson
89.5%
Independence Emmerich
89.1%
City Chaplin
87%
Steamboat Disney
86.6%
Wall Stone
83.8%
True Cameron
83.2%
Young Brooks
82.6%
The Evil Raimi
78.2%
Spirited Miyazaki
77.9%
Battleship Eisenstein
68.2%

You're not logged in!

Compare scores with friends on all Sporcle quizzes.
Sign Up with Email
OR
Log In

You Might Also Like...

Show Comments

Extras

Top Quizzes Today


Score Distribution

Your Account Isn't Verified!

In order to create a playlist on Sporcle, you need to verify the email address you used during registration. Go to your Sporcle Settings to finish the process.